000
00266nam a2200097Ia 4500
001
1250440
005
20251031150856.0
008
251031s9999 xx 000 0 und d
245
0
_c
PRETTY LİTTLE LİARS
_a
G-2 SEVİMLİ KÜÇÜK YALANCILAR
260
_b
MARTI YAYINLARI
999
_c
1250440
_d
1250440